Zariadenie pre manipuláciu zakladacích rámov : Diplomová práca

Uložené v:
Podrobná bibliografia
Hlavný autor: Širka, Jaroslav (Autor)
Ďalší autori: Potocký, Ján (xxx)
Médium: Rukopis Kniha
Jazyk:Slovak
Vydavateľské údaje: Trnava : SVŠT v Bratislave StF KOOSaM, 1987
Predmet:
Tagy: Pridať tag
Žiadne tagy, Buďte prvý, kto otaguje tento záznam!

MARC

LEADER 00000ntm a22000003a 4500
001 stu92339
005 20160719162628.6
008 050112s1987----cs------------------slo-d
040 |a STU  |b slo 
041 0 |a slo 
044 |a cs 
100 1 |a Širka, Jaroslav  |4 aut 
245 1 |a Zariadenie pre manipuláciu zakladacích rámov :  |b Diplomová práca 
260 |a Trnava :  |b SVŠT v Bratislave StF KOOSaM,  |c 1987 
300 |a 60 s  |c príl 
650 7 |a Strojárska technológia-obrábanie  |2 stusub 
700 1 |a Potocký, Ján  |4 xxx 
996 |b 284M043120  |c M*DP-2744  |l MMSKP  |s P  |a 0  |w stu92339_0001